SALEEM ON EARTH (Record no. 3406)
[ view plain ]
| 000 -LEADER | |
|---|---|
| fixed length control field | 00571nam a22001457a 4500 |
| 020 ## - INTERNATIONAL STANDARD BOOK NUMBER | |
| ISBN | 978-81-8477-968-4 |
| 082 ## - DEWEY DECIMAL CLASSIFICATION NUMBER | |
| Classification number | 823 |
| Item number | KOS/S |
| 100 ## - MAIN ENTRY--AUTHOR NAME | |
| Personal name | KOSHY, MRIDULA |
| 245 ## - TITLE STATEMENT | |
| Title | SALEEM ON EARTH |
| 260 ## - PUBLICATION, DISTRIBUTION, ETC. (IMPRINT) | |
| Place of publication | GURGAON |
| Name of publisher | SCHOLASTIC INDIA |
| Year of publication | 2012 |
| 300 ## - PHYSICAL DESCRIPTION | |
| Number of Pages | 124 |
| 520 ## - SUMMARY, ETC. | |
| Summary, etc | The eight stories in this anthology revolve around the diverse festivals of India. Set in various parts of India, these stories are sometimes touching and beautiful, sometimes hilarious and amusing, but always wonderfully evocative of the spirit of each festiva |
| 650 ## - SUBJECT ADDED ENTRY--TOPICAL TERM | |
| Topical Term | NOVEL |
| Geographic subdivision | INDIA |
| 942 ## - ADDED ENTRY ELEMENTS (KOHA) | |
| Koha item type | Books |
| Withdrawn status | Lost status | Collection code | Home library | Current library | Shelving location | Date acquired | Source of acquisition | Cost, normal purchase price | Full call number | Accession Number | Koha item type |
|---|---|---|---|---|---|---|---|---|---|---|---|
| Fiction | Main Library | Main Library | SHELF-14G- ALPHABETICAL J,K,L --ENGLISH NOVELS & FICTIONS | 03/12/2013 | purchase | 195.00 | 823 KOS/S | 07618 | Books |